Medzinárodné vzťahy - medzinárodná politika

Salvato in:
Dettagli Bibliografici
Autore principale: Liďák, Ján
Natura: Libro
Lingua:slovacco
Pubblicazione: Bratislava Vydavateľstvo SOFA 2000
Soggetti:
Tags: Aggiungi Tag
Nessun Tag, puoi essere il primo ad aggiungerne!!

MARC

LEADER 00000nam a2200000 4500
001 c120509
005 20231108082709.6
020 |a 80-85752-70-0 
041 0 |a slo 
044 |a SK 
245 1 0 |a Medzinárodné vzťahy - medzinárodná politika  |c Ján Liďák 
264 1 |a Bratislava  |b Vydavateľstvo SOFA  |c 2000 
300 |a 179 s. 
610 2 0 |a politika medzinárodná 
610 2 0 |a vzťahy politické medzinárodné 
610 2 0 |a teórie politické 
610 2 0 |a politika zahraničná 
610 2 0 |a orgány štátne 
610 2 0 |a diplomacia 
610 2 0 |a organizácie medzinárodné 
610 2 0 |a konflikty medzinárodné 
610 2 0 |a svet 
610 2 0 |a kríza politická 
610 2 0 |a SVE 
100 1 |a Liďák, Ján